[Event "POL-chT 2nd League"]
[Site "Jastrzebia Gora"]
[Date "2016.09.08"]
[Round "6.70"]
[White "Klementowski, Dawid"]
[Black "Rzepka, Krzysztof"]
[Result "1-0"]
[WhiteElo "1928"]
[BlackElo "2136"]
[PlyCount "81"]
[EventDate "2016.09.03"]
[EventType "team-swiss"]
[EventRounds "9"]
[EventCountry "POL"]
[SourceTitle "EXT 2017"]
[Source "ChessBase"]
[SourceDate "2016.10.25"]
[SourceVersion "1"]
[SourceVersionDate "2016.10.25"]
[SourceQuality "1"]
[WhiteTeam "Rybnik MKSz"]
[BlackTeam "Wroclaw Polonia"]
[WhiteTeamCountry "POL"]
[BlackTeamCountry "POL"]

1. c4 g6 2. g3 Bg7 3. Bg2 d6 4. Nc3 Nf6 5. d3 0-0 6. e3 c6 7. Nge2 a5 8. 0-0 Na6 9. Rb1 Bd7 10. a3 Rb8 11. b4 axb4 12. axb4 b5 13. cxb5 cxb5 14. Qb3 Qb6 15. Bd2 Nc7 16. e4 e5 17. Be3 Qb7 18. h3 Be6 19. Qb2 d5 20. exd5 Ncxd5 21. Bc5 Rfd8 22. Ne4 Ne8 23. Ra1 Ra8 24. d4 Qd7 25. Rxa8 Rxa8 26. Ng5 exd4 27. Bxd4 Bf8 28. Nxe6 fxe6 29. Nc3 Nec7 30. Ne4 Re8 31. Nc5 Qf7 32. Re1 Qf5 33. Qb3 Bd6 34. Kh2 Re7 35. f4 Nxf4 36. Rf1 Qg5 37. gxf4 Bxf4+ 38. Kh1 h5 39. Ne4 Qf5 40. Nf6+ Kf7 41. Be4 1-0

[Event "POL-chT 2nd League"]
[Site "Szczyrk"]
[Date "2014.09.12"]
[Round "7.15"]
[White "Rzepka, Krzysztof"]
[Black "Rutkowski, Maciej"]
[Result "0-1"]
[WhiteElo "2195"]
[BlackElo "2381"]
[PlyCount "81"]
[EventDate "2014.09.06"]
[EventType "team-swiss"]
[EventRounds "9"]
[EventCountry "POL"]
[SourceTitle "EXT 2015"]
[Source "ChessBase"]
[SourceDate "2014.11.20"]
[SourceVersion "1"]
[SourceVersionDate "2014.11.20"]
[SourceQuality "1"]
[WhiteTeam "Mikolow AKS"]
[BlackTeam "Pegow Wieza"]
[WhiteTeamCountry "POL"]
[BlackTeamCountry "POL"]

1. d4 Nf6 2. c4 g6 3. Nc3 Bg7 4. Nf3 d6 5. g3 0-0 6. Bg2 Nbd7 7. 0-0 e5 8. e4 exd4 9. Nxd4 Re8 10. h3 Nc5 11. Re1 Bd7 12. Nb3 Na4 13. Nxa4 Bxa4 14. Qc2 Nd7 15. Bd2 Ne5 16. Bc3 c5 17. f4 Nc6 18. Bxg7 Kxg7 19. Qc3+ Kg8 20. Kh2 Qb6 21. Nc1 Nd4 22. b3 Bc6 23. Nd3 a5 24. Qd2 Re7 25. f5 Qd8 26. g4 f6 27. fxg6 hxg6 28. Qh6 Nc2 29. Qxg6+ Rg7 30. Qf5 Nxa1 31. Rxa1 Qe7 32. Rf1 Rf8 33. h4 Bd7 34. Qf2 Bxg4 35. Nf4 Qe5 36. Kh1 Kh8 37. Rg1 Rfg8 38. Qe3 Rh7 39. Bh3 Rxh4 40. Rg3 Bxh3 41. Rxh3 0-1

[Event "POL-chT 2nd League"]
[Site "Szczyrk"]
[Date "2014.09.07"]
[Round "2.76"]
[White "Praczukowski, Stanislaw"]
[Black "Rzepka, Krzysztof"]
[Result "0-1"]
[WhiteElo "1961"]
[BlackElo "2195"]
[PlyCount "108"]
[EventDate "2014.09.06"]
[EventType "team-swiss"]
[EventRounds "9"]
[EventCountry "POL"]
[SourceTitle "EXT 2015"]
[Source "ChessBase"]
[SourceDate "2014.11.20"]
[SourceVersion "1"]
[SourceVersionDate "2014.11.20"]
[SourceQuality "1"]
[WhiteTeam "Chylice KS Laura"]
[BlackTeam "Mikolow AKS"]
[WhiteTeamCountry "POL"]
[BlackTeamCountry "POL"]

1. e4 c5 2. Nf3 d6 3. d4 cxd4 4. Nxd4 Nf6 5. Nc3 a6 6. Bg5 e6 7. f4 b5 8. e5 dxe5 9. fxe5 Qc7 10. Qe2 Bb4 11. 0-0-0 Bxc3 12. exf6 gxf6 13. Bh6 Bxd4 14. Rxd4 Nc6 15. Rd2 Rg8 16. Qf2 Rg6 17. Be3 Qa5 18. Kb1 Nb4 19. a3 Nd5 20. Rxd5 exd5 21. Bd3 Be6 22. Bxg6 hxg6 23. Bb6 Qa4 24. Qxf6 Rc8 25. Rc1 Qc4 26. Ba5 Kd7 27. Bb4 Rc7 28. Qe7+ Kc8 29. Qf8+ Kb7 30. Ba5 Rd7 31. b3 Qc6 32. Be1 Qd6 33. Qh8 Rd8 34. Qd4 Qb6 35. Qf6 Rd7 36. Bf2 Qc6 37. Qd4 Bf5 38. g4 Be4 39. Bg3 Re7 40. Qf2 Rd7 41. Qf4 Qc8 42. h4 a5 43. Qe3 Qc6 44. Qf4 Ka6 45. Qd2 Rd8 46. Bf2 Rc8 47. h5 gxh5 48. gxh5 Qc3 49. Qxc3 Rxc3 50. Kb2 Rh3 51. Rg1 Rxh5 52. Rg7 Bg6 53. Bg3 Rh8 54. Kc3 Rh3 0-1

[Event "POL-chT 2nd League"]
[Site "Mrzezyno"]
[Date "2011.09.07"]
[Round "5.59"]
[White "Paszewski, Mateusz"]
[Black "Rzepka, Krzysztof"]
[Result "0-1"]
[WhiteElo "1919"]
[BlackElo "2179"]
[PlyCount "130"]
[EventDate "2011.09.03"]
[EventType "team-swiss"]
[EventRounds "9"]
[EventCountry "POL"]
[SourceTitle "EXT 2015"]
[Source "ChessBase"]
[SourceDate "2014.11.20"]
[SourceVersion "1"]
[SourceVersionDate "2014.11.20"]
[SourceQuality "1"]
[WhiteTeam "Czestochowa UKS Hetman"]
[BlackTeam "Mikolow AKS"]
[WhiteTeamCountry "POL"]
[BlackTeamCountry "POL"]

1. c4 g6 2. g3 Bg7 3. Bg2 Nf6 4. Nc3 d6 5. Nf3 0-0 6. 0-0 Nc6 7. Rb1 e5 8. d3 Ne7 9. b4 c6 10. b5 h6 11. a4 c5 12. Qb3 Be6 13. e4 Nh5 14. Ne1 Qd7 15. Nc2 f5 16. f3 f4 17. g4 Nf6 18. Kf2 Nh7 19. Bd2 Bf6 20. Ke2 h5 21. h3 Bh4 22. Be1 Bxe1 23. Rbxe1 hxg4 24. hxg4 Kg7 25. Rh1 Ng5 26. Rh4 Rh8 27. Reh1 Rxh4 28. Rxh4 Rh8 29. Rxh8 Kxh8 30. Qb1 Bxg4 31. Qh1+ Bh3 32. Nd1 Kg7 33. Nf2 Bxg2 34. Qxg2 Nh7 35. Qh2 Nf6 36. Ne1 Qc8 37. Ng2 Qh8 38. Qxh8+ Kxh8 39. Nh3 Nh7 40. a5 Kg7 41. Kf1 Kf6 42. Ke2 Nf8 43. Ne1 Ne6 44. Nc2 Ng8 45. Kf2 Nh6 46. Kg2 g5 47. Nf2 Kg6 48. Kh2 Ng8 49. Kh3 Nf6 50. Kg2 Nh5 51. Nh1 Nf6 52. Nf2 Kh5 53. Kh3 Nd7 54. Nd1 Nd4 55. Ne1 Nf6 56. Nf2 a6 57. bxa6 bxa6 58. Kg2 Nb3 59. Kh3 Nxa5 60. Nc2 Nb3 61. Na3 Nd4 62. Kg2 Kg6 63. Nb1 Kf7 64. Nc3 Ke7 65. Ncd1 Kd7 0-1

[Event "POL-chT 2nd League"]
[Site "Ustron"]
[Date "2008.09.14"]
[Round "8.80"]
[White "Bernat, Marcin"]
[Black "Rzepka, Krzysztof"]
[Result "1/2-1/2"]
[WhiteElo "2200"]
[BlackElo "2208"]
[PlyCount "64"]
[EventDate "2008.09.06"]
[EventType "team-swiss"]
[EventRounds "9"]
[EventCountry "POL"]
[SourceTitle "EXT 2015"]
[Source "ChessBase"]
[SourceDate "2014.11.20"]
[SourceVersion "1"]
[SourceVersionDate "2014.11.20"]
[SourceQuality "1"]
[WhiteTeam "Poznan Lech"]
[BlackTeam "Mikolow AKS"]
[WhiteTeamCountry "POL"]
[BlackTeamCountry "POL"]

1. d4 Nf6 2. c4 g6 3. Nc3 Bg7 4. e4 d6 5. Bd3 e5 6. d5 Nbd7 7. Nge2 a5 8. Bg5 h6 9. Bh4 0-0 10. 0-0 Nc5 11. Bc2 Bd7 12. f3 Qe8 13. Bf2 Nh5 14. Be3 f5 15. exf5 gxf5 16. Qd2 Rf6 17. f4 e4 18. b3 Rg6 19. Rab1 Kh7 20. a3 Qg8 21. Rf2 Bf6 22. g3 Qg7 23. Rg2 Re8 24. Kh1 Bd8 25. Rbg1 Nf6 26. Bd4 Qf7 27. Nd1 Bc8 28. Ne3 Ng4 29. h3 Nxe3 30. Qxe3 b6 31. Bc3 Bf6 32. Bxf6 Qxf6 1/2-1/2

[Event "POL-chT 2nd League"]
[Site "Ustron"]
[Date "2008.09.07"]
[Round "2.45"]
[White "Rzepka, Krzysztof"]
[Black "Karbowiak, Adam"]
[Result "1/2-1/2"]
[WhiteElo "2208"]
[BlackElo "2194"]
[PlyCount "43"]
[EventDate "2008.09.06"]
[EventType "team-swiss"]
[EventRounds "9"]
[EventCountry "POL"]
[SourceTitle "EXT 2015"]
[Source "ChessBase"]
[SourceDate "2014.11.20"]
[SourceVersion "1"]
[SourceVersionDate "2014.11.20"]
[SourceQuality "1"]
[WhiteTeam "Mikolow AKS"]
[BlackTeam "Grudziadz Rotmistrz MAT Premium"]
[WhiteTeamCountry "POL"]
[BlackTeamCountry "POL"]

1. d4 Nf6 2. c4 g6 3. Nc3 Bg7 4. Nf3 0-0 5. g3 d6 6. Bg2 Nc6 7. 0-0 Bg4 8. h3 Bxf3 9. Bxf3 Nd7 10. Be3 e5 11. Bxc6 bxc6 12. Qd2 Re8 13. b3 a6 14. Rad1 Qe7 15. dxe5 Qxe5 16. Bd4 Qe6 17. Bxg7 Kxg7 18. Kg2 Nc5 19. Qd4+ Qe5 20. e3 f6 21. Qxe5 Rxe5 22. Rfe1 1/2-1/2

[Event "POL-chT3 Liga Slaska"]
[Site "Poland"]
[Date "2007.05.13"]
[Round "9"]
[White "Rzepka, Krzysztof"]
[Black "Kryjak, Andrzej"]
[Result "1-0"]
[WhiteElo "2212"]
[BlackElo "2120"]
[PlyCount "57"]
[EventDate "2007.01.28"]
[EventType "team-swiss"]
[EventRounds "9"]
[EventCountry "POL"]
[SourceTitle "EXT 2011"]
[Source "ChessBase"]
[SourceDate "2010.11.26"]
[SourceVersion "1"]
[SourceVersionDate "2010.11.26"]
[SourceQuality "1"]
[WhiteTeam "Mikolow AKS"]
[BlackTeam "Szopienice HetMaN"]
[WhiteTeamCountry "POL"]
[BlackTeamCountry "POL"]

1. d4 e6 2. c4 Nf6 3. Nc3 Bb4 4. g3 d5 5. Bg2 0-0 6. Nf3 Re8 7. 0-0 Nbd7 8. Qb3 Bd6 9. Nb5 dxc4 10. Qxc4 Nb6 11. Qb3 Bf8 12. Bg5 c6 13. Bxf6 gxf6 14. Nc3 Qe7 15. Rfd1 Rb8 16. a3 Bh6 17. Qc2 Bd7 18. Ne4 Rbd8 19. Nc5 Bc8 20. b4 f5 21. e3 Nd5 22. Ne5 Nxe3 23. fxe3 Bxe3+ 24. Kh1 Bxd4 25. Rxd4 Rxd4 26. Nb3 Rdd8 27. Re1 Qf6 28. Qf2 a6 29. Qf4 1-0

[Event "POL-chT3 Liga Slaska"]
[Site "Poland"]
[Date "2007.05.12"]
[Round "7"]
[White "Fudalej, Michal"]
[Black "Rzepka, Krzysztof"]
[Result "1-0"]
[WhiteElo "2303"]
[BlackElo "2212"]
[PlyCount "67"]
[EventDate "2007.01.28"]
[EventType "team-swiss"]
[EventRounds "9"]
[EventCountry "POL"]
[SourceTitle "EXT 2011"]
[Source "ChessBase"]
[SourceDate "2010.11.26"]
[SourceVersion "1"]
[SourceVersionDate "2010.11.26"]
[SourceQuality "1"]
[WhiteTeam "Katowice Hetman Szopienice III"]
[BlackTeam "Mikolow AKS"]
[WhiteTeamCountry "POL"]
[BlackTeamCountry "POL"]

1. Nf3 Nf6 2. g3 d5 3. Bg2 c5 4. c4 Nc6 5. 0-0 g6 6. cxd5 Nxd5 7. d4 Bf5 8. dxc5 Ndb4 9. Qa4 Bg7 10. a3 Na6 11. Qb5 Bd7 12. Qxb7 Nxc5 13. Qb5 Nd4 14. Qxc5 Rc8 15. Qxd4 Bxd4 16. Nxd4 Qb6 17. e3 g5 18. Nc3 g4 19. Nd5 Qg6 20. b4 e5 21. Nb3 Bb5 22. Re1 Rc2 23. Be4 Qc6 24. Nc5 Re2 25. Rd1 Ba4 26. Nc3 Qf6 27. Rf1 Bc6 28. Nxe2 h5 29. Bb2 h4 30. Bxe5 Qxe5 31. Bxc6+ Ke7 32. Nf4 hxg3 33. hxg3 Qd6 34. Bg2 1-0

[Event "POL-chT 58th 2nd League"]
[Site "Wisla"]
[Date "2002.??.??"]
[Round "?"]
[White "Banasik, Krzysztof"]
[Black "Rzepka, Krzysztof"]
[Result "0-1"]
[WhiteElo "2085"]
[BlackElo "2197"]
[PlyCount "40"]
[EventDate "2002.08.30"]
[EventType "team-swiss"]
[EventRounds "11"]
[EventCountry "POL"]
[SourceTitle "EXT 2019"]
[Source "ChessBase"]
[SourceDate "2018.10.10"]
[SourceVersion "1"]
[SourceVersionDate "2018.10.10"]
[SourceQuality "1"]

1. e4 c5 2. Nf3 d6 3. Bc4 e6 4. d4 cxd4 5. Nxd4 Nf6 6. Nc3 a6 7. a4 Qc7 8. Qe2 Nbd7 9. 0-0 Ne5 10. Bb3 Bd7 11. h3 Rc8 12. Kh1 Nc4 13. f4 Qc5 14. Rd1 Be7 15. Bxc4 Qxc4 16. e5 Qxe2 17. Ndxe2 dxe5 18. fxe5 Nd5 19. Nxd5 exd5 20. c3 Rc4 0-1

[Event "POL-chT3"]
[Site "Poland"]
[Date "2002.??.??"]
[Round "?"]
[White "Bitman, Marek"]
[Black "Rzepka, Krzysztof"]
[Result "1/2-1/2"]
[WhiteElo "2094"]
[BlackElo "2197"]
[PlyCount "51"]
[EventDate "2002.??.??"]
[EventType "team"]
[EventRounds "9"]
[EventCountry "POL"]
[SourceTitle "EXT 2006"]
[Source "ChessBase"]
[SourceDate "2005.11.24"]
[SourceVersion "1"]
[SourceVersionDate "2005.11.24"]
[SourceQuality "1"]

1. Nf3 g6 2. e4 Bg7 3. d4 d6 4. Nc3 c6 5. Bc4 b5 6. Bb3 Nf6 7. e5 dxe5 8. dxe5 Qxd1+ 9. Nxd1 Ne4 10. c3 Nc5 11. Bc2 Bg4 12. b4 Ne6 13. a4 bxa4 14. Be4 0-0 15. Rxa4 Rc8 16. Be3 Nd7 17. Ra6 Bxf3 18. gxf3 Nxe5 19. f4 f5 20. Bg2 Nxf4 21. Bxf4 Nd3+ 22. Kd2 Nxf4 23. Bxc6 Rd8+ 24. Kc2 Rac8 25. b5 Rc7 26. Ne3 1/2-1/2

[Event "POL-chT 58th 2nd League"]
[Site "Wisla"]
[Date "2002.??.??"]
[Round "?"]
[White "Jagodzinski, Waldemar"]
[Black "Rzepka, Krzysztof"]
[Result "1-0"]
[WhiteElo "2233"]
[BlackElo "2197"]
[PlyCount "40"]
[EventDate "2002.08.30"]
[EventType "team-swiss"]
[EventRounds "11"]
[EventCountry "POL"]
[SourceTitle "EXT 2019"]
[Source "ChessBase"]
[SourceDate "2018.10.10"]
[SourceVersion "1"]
[SourceVersionDate "2018.10.10"]
[SourceQuality "1"]
[WhiteTeam "Znin Baszta"]
[WhiteTeamCountry "POL"]

1. d4 Nf6 2. Nf3 g6 3. c4 Bg7 4. Nc3 d6 5. Bg5 Nbd7 6. e3 0-0 7. Be2 a6 8. 0-0 Qe8 9. Qc2 e5 10. Rfd1 h6 11. Bh4 exd4 12. Nxd4 Nc5 13. Rac1 g5 14. Bg3 Nfe4 15. Nd5 Qd8 16. b4 Nxg3 17. hxg3 Ne6 18. Nf5 Re8 19. c5 Nf8 20. Nxg7 Kxg7 1-0

[Event "POL-chT3"]
[Site "Poland"]
[Date "2002.??.??"]
[Round "?"]
[White "Ozog, Leon"]
[Black "Rzepka, Krzysztof"]
[Result "1/2-1/2"]
[WhiteElo "2116"]
[BlackElo "2197"]
[PlyCount "50"]
[EventDate "2002.??.??"]
[EventType "team"]
[EventRounds "9"]
[EventCountry "POL"]
[SourceTitle "EXT 2006"]
[Source "ChessBase"]
[SourceDate "2005.11.24"]
[SourceVersion "1"]
[SourceVersionDate "2005.11.24"]
[SourceQuality "1"]

1. e4 c5 2. Nc3 Nc6 3. g3 g6 4. Bg2 Bg7 5. f4 d6 6. Nf3 e6 7. d3 Nge7 8. Be3 Nd4 9. 0-0 0-0 10. Rb1 Qa5 11. Qd2 Nec6 12. a3 Bd7 13. Qf2 Rac8 14. g4 f5 15. h3 Nxf3+ 16. Bxf3 Nd4 17. Bg2 Bc6 18. exf5 gxf5 19. g5 Qc7 20. h4 Bxg2 21. Qxg2 Qc6 22. Rf2 Qxg2+ 23. Kxg2 Kf7 24. h5 a6 25. Re1 b5 1/2-1/2

[Event "POL-chT 58th 2nd League"]
[Site "Wisla"]
[Date "2002.??.??"]
[Round "?"]
[White "Rzepka, Krzysztof"]
[Black "Zaskalski, Pawel"]
[Result "1/2-1/2"]
[WhiteElo "2197"]
[BlackElo "2140"]
[PlyCount "40"]
[EventDate "2002.08.30"]
[EventType "team-swiss"]
[EventRounds "11"]
[EventCountry "POL"]
[SourceTitle "EXT 2019"]
[Source "ChessBase"]
[SourceDate "2018.10.10"]
[SourceVersion "1"]
[SourceVersionDate "2018.10.10"]
[SourceQuality "1"]

1. d4 Nf6 2. c4 g6 3. Nc3 d5 4. cxd5 Nxd5 5. e4 Nxc3 6. bxc3 Bg7 7. Be3 c5 8. Qd2 cxd4 9. cxd4 Nc6 10. Rd1 Bg4 11. f3 Bd7 12. Ne2 0-0 13. Ng3 Rc8 14. Rc1 Nxd4 15. Rxc8 Bxc8 16. Bd3 Nc6 17. 0-0 Be6 18. Rd1 Bd4 19. a3 Qb6 20. Bxd4 Qxd4+ 1/2-1/2

[Event "POL-chT2 South"]
[Site "Ustron"]
[Date "2001.09.??"]
[Round "?"]
[White "Rzepka, Krzysztof"]
[Black "Tymrakiewicz, Rafal"]
[Result "0-1"]
[WhiteElo "2187"]
[BlackElo "2234"]
[PlyCount "54"]
[EventDate "2001.09.14"]
[EventType "team-swiss"]
[EventRounds "10"]
[EventCountry "POL"]
[SourceTitle "EXT 2019"]
[Source "ChessBase"]
[SourceDate "2018.10.10"]
[SourceVersion "1"]
[SourceVersionDate "2018.10.10"]
[SourceQuality "1"]

1. d4 e6 2. c4 f5 3. g3 Nf6 4. Bg2 Be7 5. Nh3 0-0 6. 0-0 d5 7. Qc2 Nc6 8. Rd1 Nb4 9. Qb3 a5 10. a3 a4 11. Qc3 Nc6 12. Bf4 Ne4 13. Qc2 Bf6 14. Be3 Na5 15. Qxa4 Bd7 16. Qc2 Nxc4 17. Bc1 c5 18. f3 Ned6 19. b3 cxd4 20. bxc4 dxc4 21. a4 d3 22. exd3 Bxa1 23. Nc3 Qb6+ 24. Nf2 Qb3 25. Qe2 Qxc3 26. dxc4 Bxa4 27. Qxe6+ Nf7 0-1

[Event "Polanica Zdroj op-B"]
[Site "Polanica Zdroj"]
[Date "2000.??.??"]
[Round "4"]
[White "Rzepka, Krzysztof"]
[Black "Machaj, Bartosz"]
[Result "0-1"]
[WhiteElo "2181"]
[BlackElo "2107"]
[PlyCount "78"]
[EventDate "2000.08.??"]
[EventType "swiss"]
[EventRounds "10"]
[EventCountry "POL"]
[SourceTitle "EXT 2001"]
[Source "ChessBase"]
[SourceDate "2000.11.22"]
[SourceVersion "1"]
[SourceVersionDate "2000.11.22"]
[SourceQuality "1"]

1. d4 Nf6 2. c4 g6 3. Nc3 Bg7 4. Nf3 0-0 5. g3 d6 6. Bg2 Nbd7 7. 0-0 e5 8. h3 c6 9. e4 Qb6 10. dxe5 Nxe5 11. Nxe5 dxe5 12. Qc2 Qb4 13. b3 Qe7 14. Rd1 Nd7 15. Rb1 Re8 16. b4 Nf8 17. b5 Ne6 18. bxc6 bxc6 19. Qa4 Nd4 20. Ba3 Qe6 21. Rb2 Bf6 22. Rdb1 Bd8 23. Rb8 Rxb8 24. Rxb8 a6 25. Nd5 Qd7 26. Nb6 Bxb6 27. Rxb6 Ne2+ 28. Kh2 Qd4 29. Qxc6 Bd7 30. Qc5 Qd1 31. f3 Qe1 32. Rb2 Qxg3+ 33. Kh1 Nd4 34. Qd6 Bxh3 35. Qf6 Bxg2+ 36. Rxg2 Qh3+ 37. Kg1 Nxf3+ 38. Kf2 Nh4 39. Qg5 Nxg2 0-1

[Event "POL-chT Region"]
[Site "Poland"]
[Date "1999.??.??"]
[Round "?"]
[White "Rzepka, Krzysztof"]
[Black "Matras Clement, Agnieszka"]
[Result "0-1"]
[WhiteElo "2148"]
[BlackElo "2156"]
[PlyCount "118"]
[EventDate "1999.??.??"]
[EventType "team"]
[EventRounds "13"]
[EventCountry "POL"]
[SourceTitle "EXT 2002"]
[Source "ChessBase"]
[SourceDate "2001.11.25"]
[SourceVersion "1"]
[SourceVersionDate "2001.11.25"]
[SourceQuality "1"]

1. d4 d5 2. c4 c6 3. Nc3 Nf6 4. Nf3 dxc4 5. a4 Bf5 6. e3 e6 7. Bxc4 Bb4 8. 0-0 Nbd7 9. Qb3 a5 10. h3 h6 11. Na2 Be7 12. Bd3 Bxd3 13. Qxd3 0-0 14. Rd1 Qc7 15. Nc3 Rad8 16. e4 e5 17. Qe2 exd4 18. Nxd4 Rfe8 19. Be3 Bc5 20. f3 Nh5 21. Rd2 Bd6 22. Nf5 Bh2+ 23. Kh1 Ndf6 24. g4 Ng3+ 25. Nxg3 Bxg3 26. Rad1 Rxd2 27. Qxd2 Nh7 28. Ne2 Bh4 29. Qd6 Qxd6 30. Rxd6 Ng5 31. Kg2 Ne6 32. Bb6 Bd8 33. Bxd8 Rxd8 34. Rxd8+ Nxd8 35. Nd4 Kf8 36. Kf2 g6 37. Nb3 b6 38. Nd2 Nb7 39. Nc4 b5 40. Ne5 Nd8 41. f4 Ke7 42. f5 g5 43. axb5 cxb5 44. Ke3 Kd6 45. Nd3 Nc6 46. Ne1 f6 47. Nc2 Kc5 48. Kd3 Ne5+ 49. Kc3 b4+ 50. Kb3 Nc4 51. Ka4 Nxb2+ 52. Kxa5 b3 53. Na3 Nc4+ 54. Ka4 b2 55. Nb1 Kd4 56. Kb3 Nd6 57. Kxb2 Nxe4 58. Na3 Nf2 59. Nb5+ Ke5 0-1

[Event "POL-chT Region"]
[Site "Poland"]
[Date "1999.??.??"]
[Round "?"]
[White "Rzepka, Krzysztof"]
[Black "Niwinski, Wlodzimierz"]
[Result "1-0"]
[WhiteElo "2148"]
[BlackElo "2086"]
[PlyCount "25"]
[EventDate "1999.??.??"]
[EventType "team"]
[EventRounds "13"]
[EventCountry "POL"]
[SourceTitle "EXT 2002"]
[Source "ChessBase"]
[SourceDate "2001.11.25"]
[SourceVersion "1"]
[SourceVersionDate "2001.11.25"]
[SourceQuality "1"]

1. d4 Nf6 2. c4 e6 3. Nc3 Bb4 4. Nf3 c5 5. g3 Nc6 6. Bg2 0-0 7. 0-0 d5 8. cxd5 Nxd5 9. Nxd5 Qxd5 10. a3 Ba5 11. dxc5 Qxc5 12. b4 Qc3 13. Bd2 1-0